000 00675nam a2200229Ia 4500
003 OSt
005 20220923225848.0
006 a|||||r|||| 00| 0
007 ta
008 Pun
024 _a275,411
037 _cTextual
040 _aARTS
_cARTS
_bPun
041 _2Pun
_aPun
082 _aO153:gN, K9
100 _aਸਿੰਘ, ਬਲਜੀਤ, ਬਲੀ
245 0 _aਪੰਜਾਬੀ ਸਾਹਿਤ ਦਾ ਨਿਕਾਸ ਤੇ ਵਿਕਾਸ ਤੇ ਹੋਰ ਲੇਖ
260 _c1969
650 _aਪੰਜਾਬੀ ਸਾਹਿਤ
942 _hO153:gN, K9
_cTEXL
_2CC
999 _c380923
_d380923